[Event "Wroclaw op-A 8th"]
[Site "Wroclaw"]
[Date "2013.07.01"]
[Round "1"]
[White "Golebiowski, Marek"]
[Black "Kanicki, Krzysztof"]
[Result "0-1"]
[WhiteElo "1285"]
[BlackElo "1964"]
[PlyCount "46"]
[EventDate "2013.07.01"]
[EventType "swiss"]
[EventRounds "9"]
[EventCountry "POL"]
[SourceTitle "CBM 155 Extra"]
[Source "ChessBase"]
[SourceDate "2013.08.26"]
[SourceVersion "1"]
[SourceVersionDate "2013.08.26"]
[SourceQuality "1"]

1. c4 Nf6 2. Nf3 g6 3. b3 Bg7 4. Bb2 0-0 5. g3 d6 6. Bg2 e5 7. d3 a5 8. 0-0 c6 9. Nc3 Na6 10. Ne1 Nc5 11. Rb1 Re8 12. Nc2 Bd7 13. Re1 Qc8 14. Ne3 Bh3 15. d4 exd4 16. Qxd4 Bxg2 17. Qxd6 Qh3 18. Qxc5 Rxe3 19. f3 Rae8 20. Nd1 Rxf3 21. Bxf6 Bf1 22. Ne3 Rexe3 23. Bxg7 Qg2# 0-1

[Event "POL-ch Amateur"]
[Site "Wroclaw"]
[Date "2013.??.??"]
[Round "4"]
[White "Bazylewicz, Zygmunt"]
[Black "Golebiowski, Marek"]
[Result "1-0"]
[WhiteElo "1466"]
[BlackElo "1293"]
[PlyCount "43"]
[EventDate "2013.06.??"]
[EventType "swiss"]
[EventRounds "9"]
[EventCountry "POL"]
[SourceTitle "EXT 2014"]
[Source "ChessBase"]
[SourceDate "2013.11.20"]
[SourceVersion "1"]
[SourceVersionDate "2013.11.20"]
[SourceQuality "1"]

1. e4 c5 2. Bc4 g6 3. Qf3 e6 4. Nc3 Nc6 5. d3 Ne5 6. Qg3 Nxc4 7. dxc4 a6 8. Bf4 d6 9. 0-0-0 e5 10. Bxe5 Bh6+ 11. Kb1 f6 12. Bxd6 b6 13. Nge2 Bd7 14. e5 Ne7 15. exf6 Nf5 16. Qd3 Qxf6 17. Qe4+ Kf7 18. Be5 Bc6 19. Bxf6 Bxe4 20. Nxe4 Rhe8 21. Rd7+ Kf8 22. N4c3 1-0

[Event "POL-ch Amateur"]
[Site "Wroclaw"]
[Date "2013.??.??"]
[Round "7"]
[White "Golebiowski, Marek"]
[Black "Gil, Czeslaw"]
[Result "0-1"]
[WhiteElo "1293"]
[BlackElo "1572"]
[PlyCount "74"]
[EventDate "2013.06.??"]
[EventType "swiss"]
[EventRounds "9"]
[EventCountry "POL"]
[SourceTitle "EXT 2014"]
[Source "ChessBase"]
[SourceDate "2013.11.20"]
[SourceVersion "1"]
[SourceVersionDate "2013.11.20"]
[SourceQuality "1"]

1. c4 b6 2. Nf3 Bb7 3. g3 f5 4. Bg2 Nf6 5. 0-0 e6 6. a3 Be7 7. d3 0-0 8. h3 d6 9. b4 Qe8 10. Nd4 Bxg2 11. Kxg2 Bd8 12. Be3 Nh5 13. g4 fxg4 14. hxg4 Qg6 15. f3 e5 16. Ne6 Qxe6 17. gxh5 Qf5 18. Rh1 Bg5 19. Bxg5 Qxg5+ 20. Kf2 Nc6 21. Nd2 Nd4 22. Ne4 Qh6 23. Qg1 Rf5 24. Qg4 Raf8 25. Rag1 Ne6 26. Ng3 Rf4 27. Qh3 c6 28. Ra1 d5 29. cxd5 cxd5 30. Rac1 Ng5 31. Qg2 e4 32. dxe4 dxe4 33. Rc3 exf3 34. exf3 Ne4+ 35. Nxe4 Rxe4 36. Re1 Qd2+ 37. Kf1 Rxe1# 0-1